000 00540ntaaa2200217 4500
003 01
005 20251027203222.0
008 0714s1973 ag 01
020 _a9978910409
040 _aAR-BaBN
_bspa
_cAR-BaBN
_eaacr
_dRIC
082 _a232 B64
100 _aBonilla A., Plutarco
_934286
245 _aJesús ¡ese exagerado! /
_cBonilla A. Pultarco
250 _a1ª ed.
260 _aQuito :
_bCLAI,
_c2000
300 _a147 p.
650 _aVIDA CRISTIANA
650 _aEVANGELIO
650 _aVIDA DE JESUS
_913197
942 _cBK
999 _c27642
_d27642